<?xml version="1.0" encoding="UTF-8"?>
<resp>
  <nextPage>https://data.bn.org.pl/api/networks/bibs.marcxml?marc=001+b00001150001935&amp;sinceId=1150001936</nextPage>
  <collection>
    <record xmlns='http://www.loc.gov/MARC21/slim'><leader>01619namZa2200421ZiZ4500</leader><controlfield tag='001'>b00001150001935</controlfield><controlfield tag='005'>20260416110655.5</controlfield><controlfield tag='008'>230609s        pl           |000 0 pol c</controlfield><controlfield tag='009'>9913261717005606</controlfield><datafield ind1=' ' ind2=' ' tag='020'><subfield code='a'>8389391147</subfield></datafield><datafield ind1=' ' ind2=' ' tag='035'><subfield code='a'>KR_1KR_1_20120317233335063006-48omnis_kr</subfield></datafield><datafield ind1=' ' ind2=' ' tag='035'><subfield code='a'>(PL)b00001150001935</subfield></datafield><datafield ind1=' ' ind2=' ' tag='040'><subfield code='a'>KR_1</subfield><subfield code='c'>KR_1</subfield></datafield><datafield ind1='1' ind2=' ' tag='041'><subfield code='a'>pol</subfield><subfield code='h'>eng</subfield></datafield><datafield ind1='1' ind2=' ' tag='100'><subfield code='a'>Mansfield, Richard</subfield></datafield><datafield ind1='1' ind2='0' tag='245'><subfield code='a'>Naprawa i rozbudowa starego komputera :</subfield><subfield code='b'>samouczek HELP dla nieinformatyków /</subfield><subfield code='c'>Richard Mansfield, Evangelos Petroutsos ; z jęz. ang. przeł. Stefan Uss.</subfield></datafield><datafield ind1=' ' ind2=' ' tag='250'><subfield code='a'>Wyd. 2.</subfield></datafield><datafield ind1=' ' ind2=' ' tag='260'><subfield code='a'>Michałowice :</subfield><subfield code='b'>Komputerowa Oficyna Wydawnicza &quot;Help&quot;,</subfield><subfield code='c'>cop. 2004.</subfield></datafield><datafield ind1=' ' ind2=' ' tag='300'><subfield code='a'>156 s. :</subfield><subfield code='b'>il. ;</subfield><subfield code='c'>24 cm.</subfield></datafield><datafield ind1='1' ind2=' ' tag='490'><subfield code='a'>Samouczek dla Nieinformatyków</subfield></datafield><datafield ind1=' ' ind2=' ' tag='500'><subfield code='a'>n</subfield></datafield><datafield ind1=' ' ind2='7' tag='650'><subfield code='a'>Informatyka</subfield><subfield code='2'>DBN</subfield></datafield><datafield ind1=' ' ind2='7' tag='650'><subfield code='a'>Odzyskiwanie oprogramowania i danych</subfield><subfield code='2'>DBN</subfield></datafield><datafield ind1=' ' ind2='0' tag='650'><subfield code='a'>Microcomputers</subfield><subfield code='x'>Upgrading</subfield><subfield code='v'>Laboratory manuals.</subfield></datafield><datafield ind1=' ' ind2='0' tag='650'><subfield code='a'>Microcomputers</subfield><subfield code='x'>Maintenance and repair</subfield><subfield code='v'>Laboratory manuals.</subfield></datafield><datafield ind1=' ' ind2='9' tag='650'><subfield code='a'>Komputery</subfield><subfield code='x'>obsługa i eksploatacja</subfield><subfield code='v'>poradnik</subfield></datafield><datafield ind1='1' ind2=' ' tag='700'><subfield code='a'>Petroutsos, Evangelos.</subfield></datafield><datafield ind1='1' ind2=' ' tag='700'><subfield code='a'>Uss, Stefan</subfield><subfield code='e'>Tł.</subfield></datafield><datafield ind1=' ' ind2=' ' tag='852'><subfield code='b'>48OMNIS_NETWORK</subfield><subfield code='8'>9913261717005606</subfield></datafield><datafield ind1=' ' ind2=' ' tag='852'><subfield code='b'>48OMNIS_UOW</subfield><subfield code='8'>991011193579708831</subfield></datafield><datafield ind1=' ' ind2=' ' tag='852'><subfield code='8'>221048574840008831</subfield><subfield code='j'>1</subfield><subfield code='b'>5100-BUW</subfield><subfield code='p'>1001066394</subfield><subfield code='c'>10000</subfield></datafield><datafield ind1=' ' ind2=' ' tag='852'><subfield code='8'>221048574840008831</subfield><subfield code='j'>1</subfield><subfield code='b'>5100-BUW</subfield><subfield code='p'>1000494967</subfield><subfield code='c'>10000</subfield></datafield><datafield ind1=' ' ind2=' ' tag='852'><subfield code='8'>221048574860008831</subfield><subfield code='j'>1</subfield><subfield code='h'>TK7887 .M36165 2004</subfield><subfield code='b'>5100-BUW</subfield><subfield code='p'>1000494970</subfield><subfield code='c'>10002</subfield><subfield code='z'>TK7887 .M36165 2004,</subfield></datafield><datafield ind1=' ' ind2=' ' tag='920'><subfield code='a'>83-89391-14-7</subfield></datafield></record>
  </collection>
</resp>
